Control Systems : (Record no. 8211)

MARC details
000 -LEADER
fixed length control field 01020cac a22002775a 4500
008 - FIXED-LENGTH DATA ELEMENTS--GENERAL INFORMATION
fixed length control field 120517r2008 n a||||r|||| 001 0 eng d
010 ## - LIBRARY OF CONGRESS CONTROL NUMBER
LC control number 2006041923
020 ## - INTERNATIONAL STANDARD BOOK NUMBER
International Standard Book Number 0073529516
020 ## - INTERNATIONAL STANDARD BOOK NUMBER
International Standard Book Number 9780073529516
040 ## - CATALOGING SOURCE
Language of cataloging eng
Modifying agency EG-ScBUE
082 04 - DEWEY DECIMAL CLASSIFICATION NUMBER
Classification number 629.8
Item number GOP
Edition number 22
100 1# - MAIN ENTRY--PERSONAL NAME
Personal name Gopal, M.
9 (RLIN) 29984
245 10 - TITLE STATEMENT
Title Control Systems :
Remainder of title Principles and Design /
Statement of responsibility, etc M. Gopal.
260 ## - PUBLICATION, DISTRIBUTION, ETC. (IMPRINT)
Place of publication, distribution, etc New York :
Name of publisher, distributor, etc McGraw-Hill / The McGraw-Hill Companies, Inc.,
Date of publication, distribution, etc c.2008.
300 ## - PHYSICAL DESCRIPTION
Extent xvii, 971 p. :
Other physical details ill. ;
Dimensions 24 cm.
500 ## - GENERAL NOTE
General note Index : p. 961-971.
504 ## - BIBLIOGRAPHY, ETC. NOTE
Bibliography, etc Includes bibliographical references.
590 ## - LOCAL NOTE (RLIN)
Local note Doha Ragab<br/>Reviewed by; Wessam
650 #0 - SUBJECT ADDED ENTRY--TOPICAL TERM
Topical term or geographic name as entry element Automatic control.
9 (RLIN) 29985
Source of heading or term BUEsh
650 #0 - SUBJECT ADDED ENTRY--TOPICAL TERM
Topical term or geographic name as entry element Control theory.
Source of heading or term BUEsh
651 ## - SUBJECT ADDED ENTRY--GEOGRAPHIC NAME
Source of heading or term BUEsh
653 ## - INDEX TERM--UNCONTROLLED
Resource For college Engineering, Electrical
856 42 - ELECTRONIC LOCATION AND ACCESS
Materials specified Publisher description
Uniform Resource Identifier <a href="http://www.loc.gov/catdir/enhancements/fy0668/2006041923-d.html">http://www.loc.gov/catdir/enhancements/fy0668/2006041923-d.html</a>
856 42 - ELECTRONIC LOCATION AND ACCESS
Materials specified Table of contents only
Uniform Resource Identifier <a href="http://www.loc.gov/catdir/enhancements/fy0740/2006041923-t.html">http://www.loc.gov/catdir/enhancements/fy0740/2006041923-t.html</a>
942 ## - ADDED ENTRY ELEMENTS (KOHA)
Item type Book - Borrowing
Call number prefix 629.8 GOP
Source of classification or shelving scheme Dewey Decimal Classification
Holdings
Withdrawn status Item status Source of classification or shelving scheme Damaged status Not for loan Vendor Home library Current library Shelving location Date acquired Source of acquisition Total Checkouts Total Renewals Full call number Barcode Date last seen Date last borrowed Koha item type
    Dewey Decimal Classification       Central Library Central Library First floor 28/02/2008   2 20 629.8 GOP 000026720 15/07/2025 10/10/2016 Book - Borrowing
    Dewey Decimal Classification       Central Library Central Library First floor 20/08/2015 Purchase 3 119 629.8 GOP 000010362 15/07/2025 20/01/2019 Book - Borrowing